1844 1497 1509 1576 1770 1397 1198 1153 1281 1252 1932 1252 1237 1215 1684 1574 1477 1527 1387 1463 1277 1328 1885 1325 1067 1320 1673 1358 1067 1464 1963 1279 1108 1425 1910 1652 1748 1662 1462 1799 1564 1529 1692 1148 1460 1510 1650 1863 1596 1254 1176 1692 1888 1556 1340 1880 1475 1141 1295 1926 1902 1177 1224 1310 1328 1325 1471 1428 1371 1708 1339 1616 1996 1981 1046 1044 1341 1499 1262 1386 1372 1094 1728 1200 1506 1810 1495 1661 1182 1780 1547 1176 1046 1454 1483 1900 1551 1698 1517 BCNSPRNW ULIB Ver.6.0+V

เปลี่ยนเป็นภาษาไทย

Change to English
 แสดงรายละเอียดบรรณานุกรม
  กลับหน้าหลัก

Brief Record : Get Marc (ISO 2709) : E-mail record : QR code < ปิดหน้าต่าง
LEADER : 00000nam 2200000uu 4500
001    13399125882
003     ULIB
008    170921s2558||||th 000 0 tha d
020    ^a9786168024010 (ล.3)
060  4 ^aWX162^bค695^cล.3
245 00 ^aคู่มือหลักสูตรความปลอดภัยของผู้ป่วยขององค์การอนามัยโลก(เล่ม 3) :^bฉบับสหวิชาชีพ (ฉบับภาษาไทย) /^cสถาบันรับรองคุณภาพสถานพยาบาล (องค์การมหาชน)
260    ^aนนทบุรี :^bสถาบันรับรองคุณภาพสถานพยาบาล (องค์การมหาชน),^c2558
300    ^a5 เล่ม :^bภาพประกอบ ;^c24 ซม.
504    ^aเอกสารอ้างอิงท้ายบท.
505 0  ^aล.5 ส่วน B หัวข้อของคู่มือหลักรสูตร บทนำต่อหัวข้อที่ 9-11 หัวข้อที่ 9-11
505 0  ^aล.4 ส่วน B หัวข้อของคู่มือหลักรสูตร หัวข้อที่ 5-8
505 0  ^aล.3 ส่วน B หัวข้อของคู่มือหลักสูตร คำจำกัดความของแนวคิดที่สำคัญ ความหมายของสัญลักษณ์ บทนำ หัวข้อที่ 1-4
505 0  ^aล.2 ส่วน A คู่มือผู้สอน
505 0  ^aล.1คำนำ ที่มาของการแปล คำชี้แจงวิธีการแปล คำย่อ คำกล่าวนำ บทนำ และภาคผนวก
650  2 ^aHospital Administration.
650  2 ^aMedical Errors.
650  2 ^aPatient Care Management.
650  2 ^aRisk Management.
650  2 ^aSafety Management.
700 0  ^aสมพนธ์ ทัศนิยม^eบรรณาธิการ
700 0  ^aนิตย์ ทัศนิยม^eบรรณาธิการ
710 0  ^aสถาบันรับรองคุณภาพสถานพยาบาล (องค์การมหาชน)
945    ^p0^l0^i003314
999    ^aประนอม เกษจรัล
รายการนี้ยังไม่มีแท็ก
คุณยังไม่ได้ล็อกอิน คุณสามารถมีกิจกรรมร่วมกับเว็บไซต์ได้ แต่ต้องล็อกอินก่อน ::
  ล็อกอิน

รายการสื่อสารสนเทศ

ลำดับที่ ประเภท เลขเรียก/บาร์โค้ด สถานที่ สถานะ
1. วิทยาศาสตร์การแพทย์ และสุขภาพ
วิทยาศาสตร์การแพทย์ และสุขภาพ
สถานะ=หนังสือเก่า
WX162 ค695 ล.3 ฉ.1 
  Barcode: 003314
ห้องสมุดวิทยาเขตสวรรค์ประชารักษ์
►ส่วนจัดเก็บหนังสือเก่า สปร
บนชั้น
  ขอยืม

รายการใกล้เคียง
    หัวเรื่อง [Hospital Administration.]
    หัวเรื่อง [Medical Errors.]
    หัวเรื่อง [Patient Care Management.]
    หัวเรื่อง [Risk Management.]
    หัวเรื่อง [Safety Management.]

BibComment


ยังไม่เคยถูกคอมเมนท์

คอมเมนท์ทรัพยากรรายการนี้
  คอมเมนท์: คู่มือหลักสูตรคว..


 Copyright 2026. Bcnsprnw @Library